000
00232nam a2200109Ia 4500
008
240625s9999 xx 000 0 und d
041
_a
eng
082
_a
519.5 MCC
100
_a
MCCLAVE JAMES
245
_a
STATISTICS
260
_c
2013
999
_c
34910
_d
34910